Catálogo
 En Linea

Leituras no Brasil : (Registro nro. 18525)

Detalles MARC
000 -CABECERA
campo de control de longitud fija 00844nam a2200241 a 4500
001 - NÚMERO DE CONTROL
campo de control 000019007
005 - FECHA Y HORA DE LA ÚLTIMA TRANSACCIÓN
campo de control 20200929165912.0
008 - DATOS DE LONGITUD FIJA--INFORMACIÓN GENERAL
campo de control de longitud fija 951228s1995 bl b 000 0 por
010 ## - NÚMERO DE CONTROL DE LA BIBLIOTECA DEL CONGRESO
Número de control de LC 95832864
020 ## - NÚMERO INTERNACIONAL ESTÁNDAR DEL LIBRO
Número Internacional Estándar del Libro 8585725095
040 ## - FUENTE DE LA CATALOGACIÓN
Centro catalogador/agencia de origen DO-SdBNP
Centro/agencia transcriptor DLC
042 ## - CÓDIGO DE AUTENTICACIÓN
Código de autenticación lcode
043 ## - CÓDIGO DE ÁREA GEOGRÁFICA
Código de área geográfica s-bl---
050 00 - SIGNATURA TOPOGRÁFICA DE LA BIBLIOTECA DEL CONGRESO
Número de clasificación LB1050
Número de documento/Ítem .L438 1995
245 00 - MENCIÓN DE TÍTULO
Título Leituras no Brasil :
Resto del título antologia comemorativa pelo 10o. COLE : dos anais dos COLEs /
Mención de responsabilidad, etc. Marcia Abreu (org.) ; Haquira Osakabe ... [et al.].
260 ## - PUBLICACIÓN, DISTRIBUCIÓN, ETC.
Lugar de publicación, distribución, etc. Campinas, SP, Brasil :
Nombre del editor, distribuidor, etc. Associacao de Leitura do Brasil :
-- Mercado de Letras,
Fecha de publicación, distribución, etc. [1995?].
300 ## - DESCRIPCIÓN FÍSICA
Extensión 192 p. ;
Dimensiones 21 cm.
504 ## - NOTA DE BIBLIOGRAFÍA, ETC.
Nota de bibliografía, etc. Includes bibliographical references (p. 192).
650 #0 - PUNTO DE ACCESO ADICIONAL DE MATERIA--TÉRMINO DE MATERIA
Término de materia o nombre geográfico como elemento de entrada Reading
Subdivisión geográfica Brazil.
9 (RLIN) 40894
700 1# - PUNTO DE ACCESO ADICIONAL--NOMBRE DE PERSONA
Nombre de persona Abreu, Marcia Donner.
9 (RLIN) 40895
700 1# - PUNTO DE ACCESO ADICIONAL--NOMBRE DE PERSONA
Nombre de persona Osakabe, Haquira.
9 (RLIN) 40896
910 ## - DATOS DE OPCIÓN DEL USUARIO (OCLC)
Datos de opción del usuario Catalogación derivada / LC
Existencias
Estado de retiro Estado de pérdida Restricciones de uso No para préstamo Código de colección Localización permanente Ubicación/localización actual Ubicación en estantería Fecha de adquisición Número de inventario Total de préstamos Signatura topográfica completa Código de barras Fecha visto por última vez Precio válido a partir de Tipo de ítem Koha
      Excluido de préstamo Monografías: Libros y Folletos General General En catalogación 21.05.2010 LF1   19007-10 25.06.2020 25.06.2020 No se presta

Con tecnología Koha